000
00323nam a2200109Ia 4500
008
171211s9999 xx 000 0 und d
245
_a
2009 International Plumbing Codes Handbook
245
_c
R. Woodson
260
_c
2009
650
_x
Engineering and Technology
856
_u
http://down.ebook777.com/064/9780071606066.pdf
999
_c
350293
_d
350293